000 00382nam a2200145Ia 4500
005 20250729165722.0
008 250729s2011 xx 000 0 und d
041 _aeng
082 _a900.7 KONI
100 _aDr.N.B.Kongawada
_9231333
245 _aIthihasa Mattu pouranithi Bhodhane
260 _aGadag
_bVidyanidhi Prakashana
_c2011
300 _a820p
650 _aHistory
_9231334
999 _c239229
_d239229